Iowa State Horticultural Society for the year ... containing the proceedings of the ... annual convention.

Bibliographic Details
Previous Title:Iowa State Horticultural Society. Report of the Iowa State Horticultural Society, for the year ...
Format: Serial
Language:English
Published: Des Moines, Iowa : State of Iowa, 1937-
Subjects:

MARC

Tag First Indicator Second Indicator Subfields
LEADER 00000cas a2200000 a 4500
001 in00003887708
005 20170804150536.0
008 810120u1937uuuuiauar 0 a0eng d
010 |a  2007203308 
035 |a (OCoLC)ocm07071465 
040 |a MOA  |b eng  |c MOA  |d NYG  |d OCL  |d AGL  |d OCLCQ  |d DLC  |d OCLCQ  |d OCLCF  |d OCLCO  |d TXA 
029 1 |a AU@  |b 000042050502 
035 |a (OCoLC)7071465 
042 |a lccopycat 
043 |a n-us-ia 
050 0 0 |a SB21  |b .I8 
082 0 4 |a 630.61  |b I64r 
049 |a TXAM 
110 2 |a Iowa State Horticultural Society,  |e issuing body. 
245 1 0 |a Iowa State Horticultural Society for the year ... containing the proceedings of the ... annual convention. 
246 3 0 |a Proceedings of the ... annual convention 
246 3 0 |a Annual convention 
246 1 6 |a Annual convention of the Iowa State Horticultural Society and affiliated societies 
246 1 4 |a Transactions of the Iowa Horticultural Society 
246 1 8 |a Transactions Iowa Agricultural Society 
264 1 |a Des Moines, Iowa :  |b State of Iowa,  |c 1937- 
300 |a volumes :  |b illustrations ;  |c 22 cm 
310 |a Annual 
336 |a text  |b txt  |2 rdacontent 
337 |a unmediated  |b n  |2 rdamedia 
338 |a volume  |b nc  |2 rdacarrier 
362 1 |a Began with: Vol. 72 (1937). 
515 |a Includes also annual convention proceedings, 72nd- 
580 |a Includes also transactions of the affiliated societies. 
588 |a Latest issue consulted: Vol. 91 (1956-1957). 
610 2 0 |a Iowa State Horticultural Society  |v Periodicals. 
650 0 |a Horticulture  |z Iowa  |v Periodicals. 
610 2 7 |a Iowa State Horticultural Society.  |2 fast  |0 (OCoLC)fst00634313 
650 7 |a Horticulture.  |2 fast  |0 (OCoLC)fst00960791 
651 7 |a Iowa.  |2 fast  |0 (OCoLC)fst01205835 
655 7 |a Periodicals.  |2 fast  |0 (OCoLC)fst01411641 
780 0 0 |a Iowa State Horticultural Society.  |t Report of the Iowa State Horticultural Society, for the year ...  |w (OCoLC)7071403 
850 |a DLC 
994 |a C0  |b TXA 
948 |a cataloged  |b h  |c 2017/8/4  |d c  |e coplinger  |f 3:05:26 pm 
999 f f |s 826fa8e8-8a74-3314-88a6-0730b2781d2b  |i 0828312f-b886-3dda-bf02-0298c558f2cb  |t 0 
952 f f |p storage  |a Texas A&M University  |b J.J. Pickle Campus  |c High Density Repository  |d Remote Storage  |t 0  |e 630.61 .I64r  |h Dewey Decimal classification  |i unmediated -- volume  |k v.82  |l 1947  |m A14850075764 
952 f f |p storage  |a Texas A&M University  |b J.J. Pickle Campus  |c High Density Repository  |d Remote Storage  |t 0  |e 630.61 .I64r  |h Dewey Decimal classification  |i unmediated -- volume  |k v.87  |l 1952  |m A14850075814 
952 f f |p storage  |a Texas A&M University  |b J.J. Pickle Campus  |c High Density Repository  |d Remote Storage  |t 0  |e 630.61 .I64r  |h Dewey Decimal classification  |i unmediated -- volume  |k v.88  |l 1953  |m A14850075822 
952 f f |p storage  |a Texas A&M University  |b J.J. Pickle Campus  |c High Density Repository  |d Remote Storage  |t 0  |e 630.61 .I64r  |h Dewey Decimal classification  |i unmediated -- volume  |k v.80  |l 1945  |m A14850075749 
952 f f |p storage  |a Texas A&M University  |b J.J. Pickle Campus  |c High Density Repository  |d Remote Storage  |t 0  |e 630.61 .I64r  |h Dewey Decimal classification  |i unmediated -- volume  |k v.86  |l 1951  |m A14850075806 
952 f f |p storage  |a Texas A&M University  |b J.J. Pickle Campus  |c High Density Repository  |d Remote Storage  |t 0  |e 630.61 .I64r  |h Dewey Decimal classification  |i unmediated -- volume  |k v.85  |l 1950  |m A14850075798 
952 f f |p storage  |a Texas A&M University  |b J.J. Pickle Campus  |c High Density Repository  |d Remote Storage  |t 0  |e 630.61 .I64r  |h Dewey Decimal classification  |i unmediated -- volume  |k v.89  |l 1954  |m A14850075830 
952 f f |p storage  |a Texas A&M University  |b J.J. Pickle Campus  |c High Density Repository  |d Remote Storage  |t 0  |e 630.61 .I64r  |h Dewey Decimal classification  |i unmediated -- volume  |k v.84  |l 1949  |m A14850075780 
952 f f |p storage  |a Texas A&M University  |b J.J. Pickle Campus  |c High Density Repository  |d Remote Storage  |t 0  |e 630.61 .I64r  |h Dewey Decimal classification  |i unmediated -- volume  |k v.79  |l 1944  |m A14850075731 
952 f f |p storage  |a Texas A&M University  |b J.J. Pickle Campus  |c High Density Repository  |d Remote Storage  |t 0  |e 630.61 .I64r  |h Dewey Decimal classification  |i unmediated -- volume  |k v.78  |l 1943  |m A14850075962 
952 f f |p storage  |a Texas A&M University  |b J.J. Pickle Campus  |c High Density Repository  |d Remote Storage  |t 0  |e 630.61 .I64r  |h Dewey Decimal classification  |i unmediated -- volume  |k v.83  |l 1948  |m A14850075772 
952 f f |p storage  |a Texas A&M University  |b J.J. Pickle Campus  |c High Density Repository  |d Remote Storage  |t 0  |e 630.61 .I64r  |h Dewey Decimal classification  |i unmediated -- volume  |k v.81  |l 1946  |m A14850075756 
998 f f |a 630.61 .I64r  |s v.78-89 (1943-1954)  |t 0  |l Remote Storage